00580nam a2200205 a 4500001001300000003000900013005001700022008004100039020002300080082001700103100001900120245003600139260004000175300000900215500003500224505003600259650004000295650002000335700001900355nice12345678IN_TiNIC20260116012309.0050524s1986 jaia grp 000 0 eng  a817044036X c15000a320.956bASO aAsopa, Sheel K aOil, Arms and Islam in the Gulf aJaipurbPrintwell Publishers c1986 a182p aincludes index and biblioraphy2 aAppendices, Bibliography, Index aMiddle East-Politics and Government aNew World Order1 aAsopa, Sheel K